June 13th: Birthdays - Statistics

General Stats
  • This quiz has been taken 8 times
  • The average score is 4 of 11
Answer Stats
Year Clue Answer % Correct
1981 Actor in Captain American Chris Evans
75%
1986 Actresses in Full House Mary-Kate/Ashley Olsen
63%
1892 Actor in Sherlock Holmes Basil Rathbone
50%
1731 First Lady of the USA Martha Washington
50%
1928 Subject of A Beautiful Mind John Nash
25%
1897 Won 9 Olympic Golds Paavo Nurmi
25%
1953 Actor in Jungle2Jungle Tim Allen
25%
1944 8th Secretary-General of the United Nations Ban Ki-moon
13%
1831 Discovered electromagnetic theory James Maxwell
13%
1903 NFL Legend Red Grange
13%
1951 WBA World Heavyweight Champion Mike Weaver
0%
No matching quizzes found
Score Distribution
Percent of People with Each Score
Percentile by Number Answered
Your Score History
You have not taken this quiz